Champion de Brasileirão Betano - Statistiques

Statistiques générales
  • Ce quiz a été pris 36 fois
  • Le résultat moyen est 11 sur 17
Statistiques - réponses
Titres Saisons Réponse % Correct
4 7 1980, 1982, 1983, 1992, 2009, 2019, 2020 Clube de Regatas do Flamengo
93%
2 8 1961, 1962, 1963, 1964, 1965, 1968, 2002, 2004 Santos Futebol Clube
93%
7 4 1970, 1984, 2010, 2012 Fluminense Football Club
85%
1 12 1960, 1967, 1967, 1969, 1972, 1973, 1993, 1994, 2016, 2018, 2022, 2023 Sociedade Esportiva Palmeiras
81%
3 7 1990, 1998, 1999, 2005, 2011, 2015, 2017 Sport Club Corinthians Paulista
81%
5 6 1977, 1986, 1991, 2006, 2007, 2008 São Paulo Futebol Clube
78%
11 3 1968, 1995, 2024 Botafogo de Futebol e Regatas
74%
13 2 1981, 1996 Grêmio Foot-Ball Porto Alegrense
74%
8 4 1966, 2003, 2013, 2014 Cruzeiro Esporte Clube
70%
6 4 1974, 1989, 1997, 2000 CR Vasco da Gama
67%
10 3 1937, 1971, 2021 Clube Atlético Mineiro
59%
9 3 1975, 1976, 1979 Internacional Porto Alegre
56%
17 1 2001 Clube Atlético Paranaense
44%
12 2 1959, 1988 Esporte Clube Bahia
41%
16 1 1987 Sport Club do Recife
33%
15 1 1985 Coritiba Foot Ball Club
30%
14 1 1978 Guarani Futebol Clube
7%
Aucun quiz correspondant
Distribution des résultats
% des personnes avec chaque résultat
Percentile par nombre de réponses
Votre historique - résultats
Vous n’avez pas pris ce quiz